|
|
|
|
| LEADER |
00638nta a2200169 i 4500 |
| 001 |
dipl88939 |
| 005 |
20200811063941.0 |
| 008 |
200810s1976 hu om 0|| zxx d |
| 040 |
|
|
|a SZTE Diploma Repozitórium
|b hun
|
| 041 |
|
|
|a zxx
|
| 100 |
1 |
|
|a Gera Éva
|
| 245 |
1 |
2 |
|a A szegedi tanyák története a XIX. század második felében és a XX. század elején (Balástya és környéke)
|h [elektronikus dokumentum] /
|c Éva Gera
|
| 260 |
|
|
|c 1976
|
| 650 |
|
4 |
|a Bölcsészettudományok
|
| 650 |
|
4 |
|a Anthropology, ethnology
|
| 700 |
1 |
|
|a nincs megadva
|e ths
|
| 856 |
4 |
0 |
|u http://diploma.bibl.u-szeged.hu/id/eprint/88939/1/1976_gera_eva.pdf
|z Dokumentum-elérés
|